International Labour Review

Detalles Bibliográficos
Formato: eBook
Lenguaje:inglés
Publicado: Hoboken: Wiley, 1999 -
Materias:
Acceso en línea:Acceso restringido

MARC

LEADER 00000nam a22000007a 4500
005 20210413215840.0
007 cr|||| |||
008 210413c19999999ea n|w s|||| 0|||b1eng d
022 |a 0020-7780 
035 |a 32883 
040 |a vLex 
090 |c 11439  |d 11439 
245 0 0 |a International Labour Review  |h [Recurso electrn̤ico] / 
256 |a Servicio en ln̕ea 
260 |a Hoboken:  |b Wiley,  |c 1999 - 
300 |a 1 recurso electrn̤ico 
310 |a Irregular 
506 1 |a Disponible solo en los productos indicados  |d vLex Global  |d vLex Global (Academic Edition, excluding Law Schools)  |d vLex Global (U.S. Academic Edition, Law Schools)  |d vLex Global (U.S. Academic Edition, excluding Law Schools)  |d vLex Global (Academic Edition, Law Schools) 
650 0 4 |a Derecho Laboral y Seguridad Social  |z Estados Unidos 
650 0 4 |a Derecho Internacional  |z Estados Unidos 
740 0 |a vLex Revistas (Servicio en ln̕ea) 
856 |u https://vlex.com/source/32883  |z Acceso restringido 
942 |c REV 
999 0 |a Labor Law and Social Security 
999 0 |a International Law